Films avec une possession maléfique en mort subite - Statistiques

Statistiques générales
  • Ce quiz a été pris 33 fois
  • Le résultat moyen est 55 sur 166
Answers on the Grid
Answers color-coded by a green-red scale on the quiz's grid according to % correct below.
S.O.S. Fantômes (1984)
S.O.S. Fantômes II (1989)
The Remains (2016)
Conjuring 2 - Le Cas Enfield (2016)
Evil Dead (1981)
Le Cas 39 (2009)
Gallows (2015)
The Monster Project (2017)
Little Evil (2017)
Evil Dead 3 : L'Armée des Ténèbres (1992)
Evil Dead 2 (1987)
Annabelle 2 - La Création du mal (2017)
Annabelle (2014)
Paranormal Activity 5 : Ghost Dimension (2015)
Paranormal Activity 3 (2011)
Paranormal Activity 2 (2010)
Incarnate (2016)
The Black Room (2017)
Ouija : Les Origines (2016)
Amityville: The Awakening (2017)
Finders Keepers (2014)
La Malédiction / The Omen (1976)
The Evil Within (2017)
Panic Ride (2016)
Paranormal Activity : The Marked Ones (2014)
Paranormal Activity 4 (2012)
The Darkness (2016)
L'Exorciste (1973)
La Malédiction Winchester (2018)
February / The Black Coat's Daughter (2015)
Insidious - La Dernière Clé (2018)
Dans le noir (2016)
The Last Words / Johnny Frank Garrett's Last Word (2016)
Pyewacket (2018)
Prince des ténèbres (1987)
Bornless Ones (2016)
The Strangers / Goksung (2016)
The Priests (2015)
Le Dernier Exorcisme (2010)
Le Dernier Exorcisme : Part II (2013)
The Door (2016)
La Nonne / La Monja (2005)
L'Exorciste 2 : L'Hérétique (1977)
Muse (2017)
Amityville, la maison du diable (1979)
L'Exorcisme d'Emily Rose (2005)
Veronica (2018)
Les Dossiers secrets du Vatican (2015)
Roseville (2013)
Friend Request (2016)
Effroi / Fear No Evil (1981)
American Guinea Pig : The Song of Solomon (2017)
Mara (2018)
No dormirás (2018)
The Witch (2016)
Les Démons de l'esprit (1972)
Mon démon bien aimé (1987)
La Nonne (2018)
Nocturne (2016)
Amityville 2 : Le Possédé (1982)
L'Été de la peur / Stranger in Our House (1978)
L'Exorcisme de Hannah Grace (2018)
The Gallows Act II (2019)
L'Exorcisme de Tamara (2017)
The Devil's Hour (2019)
The Devil's Candy (2016)
La Marque du diable (2020)
Nightlight (2015)
Blair Witch 2 - Le livre des ombres (2000)
Terre Maudite (2018)
Evil Boy (2019)
Le Rite (2011)
Last Shift (2015)
The Daughter (2015)
The Grudge (2020)
Open Graves (2009)
Satanic (2016)
Poltergeist II (1986)
Ghoulies (1985)
Stigmata (1999)
Le faiseur d'épouvantes / The Manitou (1978)
Shadowhunter (1993)
Body Cam (2020)
One Missed Call (2008)
L'Exorciste : Au commencement (2004)
The Task (2011)
Gothika (2003)
I Bought a Vampire Motorcycle (1990)
Polaroid (2019)
Knights of Badassdom (2013)
Fear Street – Partie 3 : 1666 (2021)
Fear Street - Partie 2 : 1978 (2021)
Fear Street - Partie 1 : 1994 (2021)
Grace : Possession (2014)
Conjuring - Les Dossiers Warren (2013)
Amityville 3 (1983)
The Boy - La Malédiction de Brahms (2019)
Le Crâne maléfique / The Skull (1965)
Ghost Killers vs. Bloody Mary (2018)
Paranormal Activity: Next of Kin (2021)
Conjuring 3 - Sous l'emprise du diable (2021)
The Son (2021)
The Possession of Michael King (2014)
Let Us Prey (2014)
Au service du diable (1971)
The Mirror (2014)
La Chapelle du Diable (2021)
The Power (2021)
American Haunting (2005)
L'Exorciste selon William Friedkin (2019)
Paranormal Activity (2007)
L'Au-delà (1981)
Insidious (2010)
Démons 2 (1986)
Démons (1985)
La Proie du diable (2022)
The Exorcism of God (2021)
Dashcam (2022)
The Amityville Murders (2018)
Evil Dead Rise (2023)
L'Exorciste du Vatican (2023)
Le Projet Atticus (2015)
Dawn of the Beast (2021)
Jusqu'en enfer (2009)
Excalibur (1981)
Incubus (1981)
Insidious - Chapitre 3 (2015)
Baghead (2024)
Daniel Isn't Real (2019)
L'Associé du Diable (1997)
Anything for Jackson (2020)
Angel Heart - Aux portes de l'enfer (1987)
L'Échelle de Jacob (1990)
Unearth (2020)
Sheitan (2006)
Fog (1980)
Cabal (1990)
Spin the Bottle (2024)
La Nonne : La Malédiction de Sainte-Lucie (2023)
L'Étrange Cas Deborah Logan (2014)
Sinister (2012)
Conjuring 4 : L'Heure du jugement (2025)
Hérédité (2018)
Sinister 2 (2015)
Délivre-nous du mal (2014)
Devil (2010)
La Main / Talk to Me (2022)
Christine (1983)
Le Cercle : The Ring (2002)
It Follows (2014)
Jeu d'enfant / Child's Play (1988)
Chucky, la poupée de sang (1990)
Chucky 3 (1991)
La Fiancée de Chucky (1998)
Le Fils de Chucky (2004)
La Malédiction de Chucky (2013)
Le Retour de Chucky (2017)
Child's Play : La Poupée du mal (2019)
L'attaque du Frigo Tueur / The Refrigerator (1992)
Enfer mécanique /The Car (1977)
Légion (2010)
Longlegs (2024)
Unborn (2009)
The Crucifixion (2017)
V/H/S (2012)
Le Dernier des Templiers / Season of the Witch (2011)
Sous la fourrure (1993)
They Came Through the Static (2011)
Cold Prey (2006)
The Invitation (2015)
The Bleeding Idol (2003)
Cursed Object No. 13 (2015)
Paranormal Activity: The Forgotten Footage (2019)
Chambre 666 (1982)
Les Griffes du Diable / Evil Black Cat (1987)
Possession 4.7 (2021)
L'Exorcisme d'Axelle Parker (2001)
Chucky Reloaded (2008)
L'invocation du Malin / Demogorgon (1984)
 
Statistiques - réponses
Réponse % Correct
Conjuring 4 : L'Heure du jugement (2025)
64%
Le Dernier Exorcisme (2010)
64%
L'Exorciste : Au commencement (2004)
64%
Paranormal Activity 2 (2010)
64%
Annabelle 2 - La Création du mal (2017)
61%
Child's Play : La Poupée du mal (2019)
61%
Conjuring 2 - Le Cas Enfield (2016)
61%
Conjuring - Les Dossiers Warren (2013)
61%
La Nonne / La Monja (2005)
61%
Evil Dead (1981)
57%
Le Dernier Exorcisme : Part II (2013)
57%
L'Exorcisme d'Emily Rose (2005)
57%
L'Exorciste 2 : L'Hérétique (1977)
57%
Paranormal Activity (2007)
57%
Annabelle (2014)
54%
Conjuring 3 - Sous l'emprise du diable (2021)
54%
Evil Dead Rise (2023)
54%
Insidious - La Dernière Clé (2018)
54%
Sinister 2 (2015)
54%
Amityville, la maison du diable (1979)
50%
Chucky, la poupée de sang (1990)
50%
Evil Dead 2 (1987)
50%
Insidious - Chapitre 3 (2015)
50%
La Nonne : La Malédiction de Sainte-Lucie (2023)
50%
Le Retour de Chucky (2017)
50%
L'Exorciste du Vatican (2023)
50%
Poltergeist II (1986)
50%
S.O.S. Fantômes (1984)
50%
S.O.S. Fantômes II (1989)
50%
The Devil's Hour (2019)
50%
Amityville 3 (1983)
46%
Chucky 3 (1991)
46%
Insidious (2010)
46%
La Malédiction de Chucky (2013)
46%
La Nonne (2018)
46%
Le Cas 39 (2009)
46%
Le Cercle : The Ring (2002)
46%
L'Exorciste (1973)
46%
L'Exorciste selon William Friedkin (2019)
46%
Paranormal Activity 5 : Ghost Dimension (2015)
46%
Paranormal Activity : The Marked Ones (2014)
46%
Sinister (2012)
46%
The Exorcism of God (2021)
46%
Amityville 2 : Le Possédé (1982)
43%
Amityville: The Awakening (2017)
43%
Christine (1983)
43%
Délivre-nous du mal (2014)
43%
Hérédité (2018)
43%
L'Associé du Diable (1997)
43%
Les Dossiers secrets du Vatican (2015)
43%
Ouija : Les Origines (2016)
43%
Paranormal Activity 3 (2011)
43%
Paranormal Activity 4 (2012)
43%
The Witch (2016)
43%
Dans le noir (2016)
39%
Devil (2010)
39%
Fear Street - Partie 2 : 1978 (2021)
39%
It Follows (2014)
39%
Le Rite (2011)
39%
L'Étrange Cas Deborah Logan (2014)
39%
L'Exorcisme de Hannah Grace (2018)
39%
L'Exorcisme de Tamara (2017)
39%
Paranormal Activity: Next of Kin (2021)
39%
Satanic (2016)
39%
The Possession of Michael King (2014)
39%
American Haunting (2005)
36%
Démons (1985)
36%
Démons 2 (1986)
36%
Evil Boy (2019)
36%
Evil Dead 3 : L'Armée des Ténèbres (1992)
36%
La Marque du diable (2020)
36%
Le Fils de Chucky (2004)
36%
Sheitan (2006)
36%
The Boy - La Malédiction de Brahms (2019)
36%
The Grudge (2020)
36%
Unborn (2009)
36%
Effroi / Fear No Evil (1981)
32%
Fear Street – Partie 3 : 1666 (2021)
32%
Ghoulies (1985)
32%
Gothika (2003)
32%
La Fiancée de Chucky (1998)
32%
La Malédiction / The Omen (1976)
32%
La Malédiction Winchester (2018)
32%
La Proie du diable (2022)
32%
The Amityville Murders (2018)
32%
The Evil Within (2017)
32%
The Gallows Act II (2019)
32%
Veronica (2018)
32%
Angel Heart - Aux portes de l'enfer (1987)
29%
Blair Witch 2 - Le livre des ombres (2000)
29%
Fear Street - Partie 1 : 1994 (2021)
29%
La Chapelle du Diable (2021)
29%
La Main / Talk to Me (2022)
29%
L'attaque du Frigo Tueur / The Refrigerator (1992)
29%
L'Au-delà (1981)
29%
Mara (2018)
29%
Muse (2017)
29%
No dormirás (2018)
29%
Stigmata (1999)
29%
The Crucifixion (2017)
29%
The Mirror (2014)
29%
Body Cam (2020)
25%
Friend Request (2016)
25%
Jeu d'enfant / Child's Play (1988)
25%
Jusqu'en enfer (2009)
25%
Last Shift (2015)
25%
Légion (2010)
25%
Longlegs (2024)
25%
Prince des ténèbres (1987)
25%
The Door (2016)
25%
The Last Words / Johnny Frank Garrett's Last Word (2016)
25%
The Priests (2015)
25%
V/H/S (2012)
25%
Baghead (2024)
21%
Excalibur (1981)
21%
Fog (1980)
21%
Gallows (2015)
21%
Grace : Possession (2014)
21%
Le Dernier des Templiers / Season of the Witch (2011)
21%
Little Evil (2017)
21%
The Black Room (2017)
21%
The Remains (2016)
21%
The Son (2021)
21%
American Guinea Pig : The Song of Solomon (2017)
18%
Anything for Jackson (2020)
18%
Dashcam (2022)
18%
Dawn of the Beast (2021)
18%
Enfer mécanique /The Car (1977)
18%
Finders Keepers (2014)
18%
Ghost Killers vs. Bloody Mary (2018)
18%
Incarnate (2016)
18%
Knights of Badassdom (2013)
18%
L'Échelle de Jacob (1990)
18%
L'Été de la peur / Stranger in Our House (1978)
18%
Mon démon bien aimé (1987)
18%
Shadowhunter (1993)
18%
Spin the Bottle (2024)
18%
The Daughter (2015)
18%
The Devil's Candy (2016)
18%
Cabal (1990)
14%
I Bought a Vampire Motorcycle (1990)
14%
Incubus (1981)
14%
Le Crâne maléfique / The Skull (1965)
14%
Le faiseur d'épouvantes / The Manitou (1978)
14%
Le Projet Atticus (2015)
14%
Les Démons de l'esprit (1972)
14%
Let Us Prey (2014)
14%
Nightlight (2015)
14%
One Missed Call (2008)
14%
Open Graves (2009)
14%
Polaroid (2019)
14%
Roseville (2013)
14%
Terre Maudite (2018)
14%
The Darkness (2016)
14%
The Power (2021)
14%
The Strangers / Goksung (2016)
14%
Au service du diable (1971)
11%
February / The Black Coat's Daughter (2015)
11%
Nocturne (2016)
11%
Panic Ride (2016)
11%
The Monster Project (2017)
11%
The Task (2011)
11%
Unearth (2020)
11%
Bornless Ones (2016)
7%
Daniel Isn't Real (2019)
7%
Pyewacket (2018)
4%
Aucun quiz correspondant
Distribution des résultats
% des personnes avec chaque résultat
Percentile par nombre de réponses
Votre historique - résultats
Vous n’avez pas pris ce quiz